Land of the Dingo people / (Record no. 6063)

MARC details
000 -LEADER
fixed length control field 01433nam a22002777a 4500
001 - CONTROL NUMBER
control field 6063
003 - CONTROL NUMBER IDENTIFIER
control field FISKH
005 - DATE AND TIME OF LATEST TRANSACTION
control field 20250305090853.0
008 - FIXED-LENGTH DATA ELEMENTS--GENERAL INFORMATION
fixed length control field 250305b cb ||||| |||| 00| 0 eng d
020 ## - INTERNATIONAL STANDARD BOOK NUMBER
International Standard Book Number 9780207198663
040 ## - CATALOGING SOURCE
Original cataloging agency FISKH
Language of cataloging eng
Transcribing agency FISKH
Modifying agency FISKH
050 ## - LIBRARY OF CONGRESS CALL NUMBER
Classification number PZ7
082 ## - DEWEY DECIMAL CLASSIFICATION NUMBER
Classification number 398.20994
100 ## - MAIN ENTRY--PERSONAL NAME
Personal name Trezise, Percy
245 ## - TITLE STATEMENT
Title Land of the Dingo people /
Statement of responsibility, etc. by Percy Trezise
250 ## - EDITION STATEMENT
Edition statement This edition published in 2015
260 ## - PUBLICATION, DISTRIBUTION, ETC.
Place of publication, distribution, etc. New York : Harper Collins Publisher, 1997
300 ## - PHYSICAL DESCRIPTION
Extent 30 unnumbered pages :
Other physical details color illustrations ;
Dimensions 21 x 26 cm
505 ## - FORMATTED CONTENTS NOTE
Formatted contents note R<br/>
520 ## - SUMMARY, ETC.
Summary, etc. Three Kadimakara children are washed up in the land of the Dingo People. the Dingo People want to help them find their way home and lead Jadianta, Lande and Jalmor to the river. Suddenly a crocodile rears up and takes one of the Dingo children. Jadianta, Lande and Jalmor survive and are now in the land of the Magpie Goose. It has been suggested by scientists that during the Ice Age, the Gulf of Carpentaria dried up forming a land bridge between Australia and New Guinea. Aboriginal oral history also recalls a huge shallow lake; the aquatic life, people and events forming part of the legends. Percy trezise has told many stories about these legends.
521 8# - TARGET AUDIENCE NOTE
Target audience note 780<br/>
Source Lexile estimate <br/>
521 8# - TARGET AUDIENCE NOTE
Target audience note R<br/>
Source Raz-Plus<br/>
650 ## - SUBJECT ADDED ENTRY--TOPICAL TERM
Topical term or geographic name entry element Aboriginal
Form subdivision Indigenous
General subdivision picture book
942 ## - ADDED ENTRY ELEMENTS (KOHA)
Source of classification or shelving scheme Dewey Decimal Classification
Koha item type Books
Suppress in OPAC No
Holdings
Withdrawn status Lost status Source of classification or shelving scheme Damaged status Not for loan Collection Home library Current library Shelving location Date acquired Total Checkouts Full call number Barcode Date last seen Price effective from Koha item type
    Dewey Decimal Classification     Juvenile Fiction Footprints International School Library Network Toul Kork Campus Footprints International School Library Network Toul Kork Campus TK Primary Library Room(4th Floor), Bookcase 5&6, Shelves 33-56, Orange Books 03/05/2025   TRE 398.20994 PZ7 2025-0727 03/05/2025 03/05/2025 Books